LDR 00892naa#a2200169#i#450# 001 RU\\bibl\122418 005 20260516171159.6 011 ## _a1998-6785 100 ## _a20231221b2023####ek#y0rusy0150####ca 102 ## _aRU 200 1# _aСоциальная инфраструктура городов Хакасии – фактор миграции населения? _eЖурнальная статья 210 1# _aВладивосток _cФедеральное государственное бюджетное образовательное учреждение высшего образования "Владивостокский государственный университет" _d2023 215 ## _a6 с. 608 ## _aЖурнальная статья _2local 675 ## _aВсеобщая история. 94 _z 700 #1 _aТиникова _gЕлена Евгеньевна 856 4# _avvgu.editorum.ru _u